| 000 | 00712nam a2200205 i 4500 | ||
|---|---|---|---|
| 001 | 141328 | ||
| 003 | ES-MaACL | ||
| 007 | t| | ||
| 008 | 070921s1949 sp ||||1| spa d | ||
| 080 | _a347(078) | ||
| 100 | 1 |
_aVillar y Romero, José María. _9115107 |
|
| 245 | 1 | 0 |
_aDerecho civil _b: respuesta a los 65 temas de Derecho Civil del programa para jueces comarcales / _credactadas por José María Villar y Romero. |
| 260 |
_aMadrid : _bInstituto Editorial Reus, _c1949. |
||
| 300 |
_a482 p. ; _c24 cm. |
||
| 490 | 1 | _aContestaciones Reus | |
| 650 | 1 | 4 |
_aDerecho civil- _zEspaña _911659 |
| 830 | 0 |
_aContestaciones Reus _9181923 |
|
| 852 |
_aES-MaACL _jB-1559 _bR.28532 |
||
| 999 |
_c141328 _d141328 |
||